005700000a2200157000450024501380000065000280013865000150016665000200018165000270020165100280022865300430025604100130029970000200031210000220033277300580035410aAbundance of west indian manatees () around selected Florida power plants following winter cold fronts, 1982-198314aMamíferos acuáticos14aEtología14aUso del Habitat14aDinámica poblacional 4dFloridapEstados Unidos gTrichechuseTrichechus manatusvmanati0 aInglés1 aWilcox, J. Ross1 aReynolds, John E.1 tBulletin of Marine Science3158h3q413-422d1985g36